Transport Geography of India : Commodity flows and the regional structure of the Indian economy (Record no. 7494)

000 -LEADER
fixed length control field 00360nam a2200109Ia 4500
008 - FIXED-LENGTH DATA ELEMENTS--GENERAL INFORMATION
fixed length control field 201217s9999 xx 000 0 und d
100 ## - MAIN ENTRY--PERSONAL NAME
Personal name Raza, Moonis and Aggarwal, Yash
245 #0 - TITLE STATEMENT
Title Transport Geography of India : Commodity flows and the regional structure of the Indian economy
260 ## - PUBLICATION, DISTRIBUTION, ETC.
Place of publication, distribution, etc. New Delhi
Name of publisher, distributor, etc. Concept Publishing Company
300 ## - PHYSICAL DESCRIPTION
Extent 299
942 ## - ADDED ENTRY ELEMENTS (KOHA)
Koha item type Books
Holdings
Withdrawn status Lost status Damaged status Not for loan Permanent Location Date acquired Full call number Barcode Date last seen Price effective from Koha item type
        IMU Kolkata 2020-12-17 388.0954 R278 PM02651 2020-12-17 2020-12-17 Books
Designed and Maintained by IMU-KC Library, Kolkata Campus © Copyright All Rights Reserved

webs counters

Powered by Koha